000 00571nam a22002177a 4500
003 UA-OsUOA
001 88271
007 ta
008 20121003b un ||||| |||| 00| 0 ukr d
090 _a82.09
_bЛ 52
942 _cBK
040 _aUA-OsUOA
_brus
_cUA-OsUOA
_dUA-OsUOA
245 _aЛитописи и хроники 1973
_cНасонова А.Н.
300 _a255 с.
955 _a4
041 _arus
080 _a82.09
260 _aМ.
_bНаука
_c1974
650 7 _a82 Література. Літературознавство
_2UDC
999 _c374478
_d374478